| Tag |
First Indicator |
Second Indicator |
Subfields |
| LEADER |
00000cam a2200000Ia 4500 |
| 001 |
in00002201088 |
| 005 |
20151104135729.0 |
| 008 |
070122s1795 be 000 p fre d |
| 035 |
|
|
|a (OCoLC)ocm79475395
|
| 040 |
|
|
|a TXA
|c TXA
|d UtOrBLW
|
| 041 |
1 |
|
|a fre
|h ita
|
| 043 |
|
|
|a a-is---
|a e-it---
|
| 049 |
|
|
|a TXAM
|
| 090 |
|
|
|a PQ4642.F21
|b L43 1795
|
| 100 |
1 |
|
|a Tasso, Torquato,
|d 1544-1595.
|
| 240 |
1 |
0 |
|a Gerusalemme liberata.
|l French
|
| 245 |
1 |
0 |
|a Jérusalem délivrée /
|c poëme du Tasse ; traduit par Lebrun.
|
| 264 |
|
1 |
|a A Bruxelles :
|b [publisher not identified],
|c 1795.
|
| 300 |
|
|
|a 2 volumes ;
|c 14 cm.
|
| 336 |
|
|
|a text
|b txt
|2 rdacontent
|
| 337 |
|
|
|a unmediated
|b n
|2 rdamedia
|
| 338 |
|
|
|a volume
|b nc
|2 rdacarrier
|
| 651 |
|
0 |
|a Jerusalem
|x History
|y Latin Kingdom, 1099-1244
|v Poetry.
|
| 650 |
|
0 |
|a Crusades
|y First, 1096-1099
|v Poetry.
|
| 650 |
|
0 |
|a Epic poetry, Italian
|x Translations into French.
|
| 700 |
1 |
|
|a Lebrun, Charles-François,
|c duc de Plaisance,
|d 1739-1824.
|
| 910 |
|
|
|a tp3107
|
| 994 |
|
|
|a 02
|b TXA
|
| 999 |
|
|
|a MARS
|
| 999 |
f |
f |
|s 0e7a5ad7-7587-315e-8157-9dd650eaa578
|i e3d8a86c-f913-3bb3-8d3a-8f832063d964
|t 0
|
| 952 |
f |
f |
|p noncirc
|a Texas A&M University
|b College Station
|c Cushing Memorial Library & Archives
|d Cushing: Dawson French (Does not check out)
|t 0
|e PQ4642.F21 L43 1795
|h Library of Congress classification
|i unmediated -- volume
|k t.2
|
| 952 |
f |
f |
|p noncirc
|a Texas A&M University
|b College Station
|c Cushing Memorial Library & Archives
|d Cushing: Dawson French (Does not check out)
|t 0
|e PQ4642.F21 L43 1795
|h Library of Congress classification
|i unmediated -- volume
|k t.1
|
| 998 |
f |
f |
|a PQ4642.F21 L43 1795
|s t.1-t.2
|t 0
|l Cushing: Dawson French (Does not check out)
|